000 00588cam a22002052 4500
001 0000002229
005 20151217154333.0
008 070405s xx 000 0 eng d
020 _a0321046560 :
_cKES 500
040 _aKABU
_cKABU
050 0 _aHF5415.13
_b.W56
100 1 _aWiner, Russell S.
_@0000151506
245 1 0 _aMarketing management.
260 _aUpper Saddle River, NJ :
_bPrentice Hall,
_c2000.
300 _axxiv, 551 p.
650 0 _aMarketing
_xManagement.
_@0000150912
908 _a070405
950 _@1
999 _c10579
_d10579